00571nam a2200193 a 4500001001300000003000900013005001700022008004100039020001000080082001700090100002500107245007500132260005400207300000800261500003500269505002400304650002400328700002500352nice12345678IN_TiNIC20260116013030.0050524s1992 bana grp 000 0 eng  ac10000a291.172bSEL aSelvanayagam, Israel aMulti-Faith Context of Indiab Resources and Challenges for Christians aBangalorebBoard for Theological Text Booksc1992 a57p aincludes index and biblioraphy2 aBibliography, Index aInterfaith Dialogue1 aSelvanayagam, Israel